Skoki Narciarskie - Medaliści MŚ w Lotach ze Słowenii - Statystyki

Ogólne statystyki
  • Ten quiz został rozwiązany 46 razy
  • Średni wynik to 7 z 10
Statystyki odpowiedzi
Z S B Skoczek % Poprawnych
3x 1x - Domen Prevc
100%
3x 1x 1x Peter Prevc
100%
1x - - Anze Lanisek
90%
2x 1x 1x Timi Zajc
88%
1x - - Lovro Kos
78%
1x - 1x Robert Kranjec
78%
- 1x 1x Jernej Damjan
61%
- 1x - Anze Semenic
54%
- - 1x Jurij Tepes
51%
- - 1x Jure Sinkovec
10%
Nie znaleziono quizów pasujących do podanych kryteriów
Rozkład punktacji
Procent ludzi z każdym wynikiem
Percentyl według liczby udzielonych odpowiedzi
Twoja historia wyników
Nie rozwiązałeś tego quizu